| 000 | 01000nam0a22002651 4500 | ||
|---|---|---|---|
| 001 | rc\4396071 | ||
| 005 | 20250612071919.0 | ||
| 021 |
_aRU _b[62-53946] |
||
| 035 | _a(NLR Aleph) 008556285 | ||
| 090 |
_a8437764 _c8437764 |
||
| 100 | _a20130416d1962 |||y0rusy50 ca | ||
| 101 | 0 | _arus | |
| 102 | _aRU | ||
| 105 | _aa z ||||| | ||
| 200 | 1 |
_aВ стране голубого неба _eУ монгол. друзей _e[Для сред. и ст. школьного возраста _fИл.: Л. Кассис |
|
| 210 |
_aМосква] _cМол. гвардия _d1962 |
||
| 215 |
_a63 с., 8 л. ил. _cил. _d26 |
||
| 606 |
_aСоциалистическое строительство _yМонгольская Народная Республика (д. л.) _2psbo |
||
| 700 | 1 |
_aДенисович _bА.Б. _gАлександр Борисович |
|
| 702 | 1 |
_aКассис _bЛ. _4440 |
|
| 801 | 0 |
_aRU _bNLR _gpsbo |
|
| 801 | 1 |
_aRU _bELAR _2rusmarc |
|
| 852 |
_aNLR _j62-7/2810 |
||
| 942 | _cBOOK | ||
| 980 | _aNB | ||